| 000 | 00378nam a2200109Ia 4500 | ||
|---|---|---|---|
| 008 | 180116s9999 xx 000 0 und d | ||
| 020 | _a9780857111746 | ||
| 245 |
_cAlexander T. Florence, David Attwood _aPhysicochemical Principles of Pharmacy in Manufacture, Formulation and Clinical Use |
||
| 250 | _a6th ed | ||
| 260 |
_bRoyal Pharmaceutical Society _c2016 |
||
| 300 | _a647 pages | ||
| 999 |
_c353256 _d353256 |
||